| 000 | 00807nam a22002891c 4500 | ||
|---|---|---|---|
| 001 | a987692925 | ||
| 008 | 191220s2019 gw |||| 000u ger d | ||
| 020 |
_a9783742503862 _9978-3-7425-0386-2 |
||
| 041 | _ager | ||
| 100 | 1 | _aKabus, Sylvia | |
| 245 | 0 | 0 |
_aVerschwunden : _bKindesfortnahme. Heimerziehung. Tagebuch einer Recherche |
| 264 |
_aBonn : _bBpB Bundeszentrale für Politische Bildung, _c2019 |
||
| 300 | _a239 Seiten | ||
| 648 | 0 | _a1964-1989 | |
| 650 | 0 | _aElterliche Sorge | |
| 650 | 0 | _aEntziehung | |
| 650 | 0 | _aHeimerziehung | |
| 650 | 0 | _aAdoption | |
| 650 | 0 | _aZwangsmaßnahme | |
| 650 | 0 | _aPolitische Verfolgung | |
| 650 | 0 | _aKindesentziehung | |
| 651 | 0 | _aDeutschland (DDR) | |
| 942 | _cMG | ||
| 040 | _cRU-10907106 | ||
| 003 | RU-10907106 | ||
| 999 |
_c28151 _d28151 |
||
| 490 | 0 |
_aSchriftenreihe _v10386 |
|